| 000 | 00479cam a2200181 a 4500 | ||
|---|---|---|---|
| 020 | _a0072471883 (pbk.) | ||
| 040 | _cDLC | ||
| 082 | 0 | 0 | _a339 MCG 2003 A064 Or. |
| 100 | 1 | _aSchiller, Bradley R., | |
| 245 | 1 | 4 | _aThe macroeconomy today / |
| 246 | 1 | 4 | _aMacro economy today |
| 250 | _a9th ed. | ||
| 260 |
_aBoston : _bMcGraw-Hill/Irwin, _cc2003. |
||
| 300 |
_axxv, 454, [16] p. : _bcol. ill. ; _c28 cm. |
||
| 500 | _aIncludes index. | ||
| 650 | 0 | _aMacroeconomics. | |
| 942 | _cEK | ||
| 999 |
_c14058 _d14058 |
||